| 000 | 00877nam a2200217Ia 4500 | ||
|---|---|---|---|
| 999 |
_c51226 _d51226 |
||
| 003 | GCL | ||
| 005 | 20240530104845.0 | ||
| 008 | 140319s9999 xx 000 0 ara d | ||
| 020 | _a8907223977 | ||
| 040 |
_aGCL / _cGCL |
||
| 082 | 0 | 4 |
_a346.016/ _bم ت |
| 100 | 0 | _aمعتز سيد عبدالله | |
| 245 | 1 | 0 |
_aتقارير بحث التراث والتغير الاجتماعى. _nالكتاب التاسع عشر، _pالزواج العرفى : واقعه واثاره النفسية والاجتماعية / _cمعتز سيد عبدالله |
| 250 | _aط.1 | ||
| 260 |
_aالقاهرة : _bمركز البحوث والدراسات الاجتماعية ، _c2004 |
||
| 300 |
_a236ص ؛ _c24سم |
||
| 650 | 0 | 4 | _aالعلاقات الاجتماعية |
| 650 | 0 | 4 | _aالزواج العرفى |
| 700 | 0 |
_aجمعة سيد يوسف _eمؤلف مشارك |
|
| 942 |
_2ddc _cBK |
||